| 000 | 00844cam a2200253 a 4500 | ||
|---|---|---|---|
| 001 | 000006678 | ||
| 005 | 20200929153955.0 | ||
| 008 | 770809s1976 sp 000 0aspa | ||
| 020 | _a8432505188 | ||
| 040 |
_aDO-SdBNP _cDLC _dDLC |
||
| 082 |
_a947.0853 _bP476L |
||
| 100 | 1 |
_aPestaña, Ángel, _d1886-1937. _918599 |
|
| 240 | 1 | 0 | _aSetenta días en Rusia |
| 245 | 1 | 3 |
_aLo que yo pienso : _b70 días en Rusia / _cÁngel Pestaña. |
| 260 |
_aMadrid : _bDoncel, _c1976. |
||
| 300 |
_a244 p. ; _c18 cm. |
||
| 490 | 1 |
_aEl libro de bolsillo doncel _v72 |
|
| 651 | 4 |
_aUnión Soviética _xDescripciones Y Viajes _918600 |
|
| 651 | 4 |
_aUnión Soviética _xHistoria _y1917-1936. _918601 |
|
| 600 | 1 | 0 |
_aPESTAÑA, ÁNGEL, _d1886-1937. _918602 |
| 830 | 0 |
_aEl Libro de Bolsillo Doncel ; _vno. 72 _98628 |
|
| 910 | _aCatalogación por copia / LC | ||
| 910 | _aWM | ||
| 999 |
_c6467 _d6467 |
||